Online
Catalog

La alternativa : (Record no. 24664)

MARC details
000 -CABECERA
campo de control de longitud fija 00800nam a2200217 a 4500
001 - NÚMERO DE CONTROL
campo de control 000025171
005 - FECHA Y HORA DE LA ÚLTIMA TRANSACCIÓN
campo de control 20200930023614.0
008 - DATOS DE LONGITUD FIJA--INFORMACIÓN GENERAL
campo de control de longitud fija 110210s1980 sp r 000 0 spa d
040 ## - FUENTE DE LA CATALOGACIÓN
Centro catalogador/agencia de origen DO-SdBNP
Lengua de catalogación spa
Centro/agencia transcriptor BNPHU
082 ## - NÚMERO DE LA CLASIFICACIÓN DECIMAL DEWEY
Número de clasificación NNN
Número de documento/Ítem B151a
100 1# - ENTRADA PRINCIPAL--NOMBRE DE PERSONA
Nombre de persona Bahro, Rudolfo
Fechas asociadas al nombre 1935-
9 (RLIN) 51637
240 10 - TÍTULO UNIFORME
Título uniforme Título original:
Lenguaje de la obra Español.
245 10 - MENCIÓN DE TÍTULO
Título La alternativa :
Resto del título contribución a la crítica del socialismo realmente existente /
Mención de responsabilidad, etc. Rudolf Bahro ; traductor Gustau Muñoz.
260 ## - PUBLICACIÓN, DISTRIBUCIÓN, ETC.
Lugar de publicación, distribución, etc. Madrid :
Nombre del editor, distribuidor, etc. Alianza Editorial,
Fecha de publicación, distribución, etc. 1980.
300 ## - DESCRIPCIÓN FÍSICA
Extensión 474, [6] p. :
Otras características físicas il. ;
Dimensiones 18 cm.
490 1# - MENCIÓN DE SERIE
Mención de serie El libro de bolsillo. Humanidades
Designación de volumen o secuencia 779
534 ## - NOTA SOBRE LA VERSIÓN ORIGINAL
Encabezamiento principal del original Título original.
Mención de título del original Die Alternative.
590 ## - NOTA LOCAL (RLIN)
Nota local Inventariado 2019/VM
700 1# - PUNTO DE ACCESO ADICIONAL--NOMBRE DE PERSONA
Nombre de persona Muñoz, Gustavo
Término indicativo de función/relación tr.
9 (RLIN) 51638
830 #0 - PUNTO DE ACCESO ADICIONAL DE SERIE-TÍTULO UNIFORME
Título uniforme El libro de bolsillo;
Nombre de parte o sección de la obra Humanidades
Designación de volumen o secuencia 779
9 (RLIN) 8845
Holdings
Estado de retiro Estado de pérdida Restricciones de uso No para préstamo Código de colección Localización permanente Ubicación/localización actual Ubicación en estantería Fecha de adquisición Número de inventario Total de préstamos Signatura topográfica completa Código de barras Fecha visto por última vez Precio válido a partir de Tipo de ítem Koha Número de copia
        Monografías: Libros y Folletos General General Depósito 10.02.2011 LF1   NNN B151a 25171-10 25.06.2020 25.06.2020 Préstamo en sala  
  Extraviado   Excluido de préstamo Monografías: Libros y Folletos General General Extraviado 21.11.2013 LF1   NNN B151a 25171-20 25.06.2020 25.06.2020 No se presta e. 2

Powered by Koha